[Event "EYCC 2017"]
[Site "Mamaia"]
[Date "2017.09.06"]
[Round "2"]
[White "Verbin, Valentina"]
[Black "Badelka, Olga"]
[Result "1-0"]
[WhiteElo "1947"]
[BlackElo "2335"]
[Annotator "NA"]
[PlyCount "106"]
[EventDate "2017.??.??"]
[EventType "swiss"]
[EventCountry "ROU"]
[SourceTitle "playchess.com"]
[Source "ChessBase"]
[SourceQuality "1"]
[TimeControl "40/5400+30:1800+30"]

1. e4 {[%emt 0:00:00]} c5 {[%emt 0:00:06]} 2. Nf3 {[%emt 0:00:00]} Nc6 {[%emt 0:00:04]} 3. Nc3 {[%emt 0:00:00]} e5 {[%emt 0:00:13]} 4. Bc4 {[%emt 0:00:00]} Be7 {[%emt 0:00:04]} 5. d3 {[%emt 0:00:04]} d6 {[%emt 0:00:06]} 6. Nd2 {[%emt 0:00:07]} Nf6 {[%emt 0:02:00]} 7. Nf1 {[%emt 0:00:14]} Bg4 {[%emt 0:00:36]} 8. f3 {[%emt 0:00:08]} Be6 {[%emt 0:00:04]} 9. Ne3 {[%emt 0:00:18]} O-O {[%emt 0:08:39]} 10. O-O {[%emt 0:00:23]} Nd4 {[%emt 0:00:57]} 11. Ncd5 {[%emt 0:03:00]} b5 {[%emt 0:03:34]} 12. Nxf6+ {[%emt 0:00:24]} Bxf6 {[%emt 0:00:05]} 13. Bd5 {[%emt 0:00:10]} Bxd5 {[%emt 0:10:17]} 14. Nxd5 {[%emt 0:00:14]} Bg5 {[%emt 0:01:26]} 15. c3 {[%emt 0:15:52]} Bxc1 {[%emt 0:00:54]} 16. Rxc1 {[%emt 0:00:27]} Ne6 {[%emt 0:00:07]} 17. g3 {[%emt 0:11:48]} Qd7 {[%emt 0:18:27]} 18. a3 {[%emt 0:12:56]} f5 {[%emt 0:02:57]} 19. Qd2 {[%emt 0:12:49]} f4 {[%emt 0:01:29]} 20. g4 {[%emt 0:01:05]} Rad8 {[%emt 0:06:11]} 21. Kg2 {[%emt 0:01:46]} a5 {[%emt 0:03:06]} 22. h4 {[%emt 0:08:12]} a4 {[%emt 0:07:30]} 23. Qe2 {[%emt 0:08:42]} Rf7 {[%emt 0:04:48]} 24. Rfd1 {[%emt 0:04:42]} Qa7 {[%emt 0:00:56]} 25. Rd2 {[%emt 0:03:06]} Nc7 {[%emt 0:04:08]} 26. Nxc7 {[%emt 0:00:41]} Rxc7 {[%emt 0:00:12]} 27. d4 {[%emt 0:04:38]} cxd4 {[%emt 0:00:52]} 28. Qxb5 {[%emt 0:00:31]} Rc5 {[%emt 0:00:53]} 29. Qd3 {[%emt 0:02:58]} Rb8 {[%emt 0:01:57]} 30. Rdc2 {[%emt 0:05:37]} Rb3 {[%emt 0:01:26]} 31. Qd2 {[%emt 0:02:29]} Qb6 {[%emt 0:10:16]} 32. Rd1 {[%emt 0:01:56]} h6 {[%emt 0:07:07]} 33. Kf1 {[%emt 0:00:13]} dxc3 {[%emt 0:01:07]} 34. bxc3 {[%emt 0:00:16]} Rxa3 {[%emt 0:00:52]} 35. Qxd6 {[%emt 0:01:07]} Qxd6 {[%emt 0:00:04]} 36. Rxd6 {[%emt 0:00:04]} Rcxc3 {[%emt 0:00:18]} 37. Rxc3 {[%emt 0:00:17]} Rxc3 {[%emt 0:00:03]} 38. Ke2 {[%emt 0:00:32]} Re3+ {[%emt 0:00:19]} 39. Kf2 {[%emt 0:00:05]} a3 {[%emt 0:00:24]} 40. Ra6 {[%emt 0:00:00]} Rb3 {[%emt 0:00:41]} 41. Kg2 {[%emt 0:02:45]} Rb2+ {[%emt 0:02:55]} 42. Kh3 {[%emt 0:00:05]} a2 {[%emt 0:00:05]} 43. g5 {[%emt 0:00:07]} h5 {[%emt 0:00:11]} 44. Ra7 {[%emt 0:03:41]} Kf8 {[%emt 0:01:08]} 45. Ra5 {[%emt 0:00:46]} Kf7 {[%emt 0:00:18]} 46. Ra6 {[%emt 0:01:23]} Ke7 {[%emt 0:03:57]} 47. Ra5 {[%emt 0:01:16]} Kd7 {[%emt 0:01:53]} 48. Rd5+ {[%emt 0:00:12]} Kc6 {[%emt 0:00:55]} 49. Ra5 {[%emt 0:00:06]} Rf2 {[%emt 0:00:38]} 50. Ra8 {[%emt 0:00:32]} Kb5 {[%emt 0:02:08]} 51. Ra7 {[%emt 0:00:23]} Kb4 {[%emt 0:00:37]} 52. Ra8 {[%emt 0:00:14]} Rxf3+ {[%emt 0:00:06]} 53. Kg2 {[%emt 0:00:05]} Ra3 {[%emt 0:00:07]} 1-0

[Event "EYCC 2017"]
[Site "Mamaia"]
[Date "2017.09.06"]
[Round "2"]
[White "Patole, Noam"]
[Black "Kanov, Nikola"]
[Result "1/2-1/2"]
[WhiteElo "1934"]
[BlackElo "1590"]
[Annotator "NA"]
[PlyCount "116"]
[EventDate "2017.??.??"]
[EventType "swiss"]
[EventCountry "ROU"]
[SourceTitle "playchess.com"]
[Source "ChessBase"]
[SourceQuality "1"]
[TimeControl "40/5400+30:1800+30"]

1. e4 {[%emt 0:00:00]} d5 {[%emt 0:00:41]} 2. exd5 {[%emt 0:01:07]} Qxd5 {[%emt 0:01:22]} 3. Nc3 {[%emt 0:00:21]} Qa5 {[%emt 0:02:49]} 4. d4 {[%emt 0:01:23]} Nf6 {[%emt 0:00:14]} 5. Nf3 {[%emt 0:00:26]} c6 {[%emt 0:00:28]} 6. Ne5 {[%emt 0:05:19]} Bf5 {[%emt 0:09:08]} 7. Qe2 {[%emt 0:06:55]} e6 {[%emt 0:03:11]} 8. Bd2 {[%emt 0:00:05]} Bb4 {[%emt 0:01:44]} 9. Nc4 {[%emt 0:00:37]} Qc7 {[%emt 0:03:11]} 10. O-O-O {[%emt 0:02:40]} Nbd7 {[%emt 0:03:05]} 11. g3 {[%emt 0:05:32]} Nd5 {[%emt 0:18:38]} 12. Ne3 {[%emt 0:08:44]} Nxe3 {[%emt 0:11:55]} 13. fxe3 {[%emt 0:00:48]} Nf6 {[%emt 0:01:07]} 14. Bg2 {[%emt 0:00:33]} Bg4 {[%emt 0:11:54]} 15. Bf3 {[%emt 0:00:08]} Bxf3 16. Qxf3 O-O-O {[%emt 0:01:06]} 17. Kb1 {[%emt 0:06:05]} Rhe8 {[%emt 0:07:06]} 18. Ne4 {[%emt 0:10:17]} Be7 {[%emt 0:01:42]} 19. Nxf6 {[%emt 0:03:40]} Bxf6 {[%emt 0:02:29]} 20. Bc3 {[%emt 0:03:53]} Kb8 21. Qf4 {[%emt 0:04:59]} Qxf4 {[%emt 0:07:33]} 22. gxf4 {[%emt 0:00:06]} c5 {[%emt 0:00:37]} 23. Rd3 {[%emt 0:08:15]} cxd4 {[%emt 0:00:14]} 24. Bxd4 {[%emt 0:00:12]} Bxd4 {[%emt 0:00:06]} 25. Rxd4 {[%emt 0:01:02]} Rxd4 {[%emt 0:00:11]} 26. exd4 {[%emt 0:00:10]} Kc7 {[%emt 0:01:13]} 27. Rg1 {[%emt 0:00:25]} g6 {[%emt 0:00:13]} 28. Rg5 {[%emt 0:00:23]} f5 {[%emt 0:01:05]} 29. c3 {[%emt 0:00:29]} Kd6 {[%emt 0:02:09]} 30. Kc2 {[%emt 0:00:38]} Rg8 {[%emt 0:01:27]} 31. h4 {[%emt 0:00:32]} Ke7 {[%emt 0:00:03]} 32. Kd3 {[%emt 0:00:55]} b5 {[%emt 0:00:47]} 33. b3 {[%emt 0:00:31]} h6 {[%emt 0:00:51]} 34. Rg2 {[%emt 0:00:14]} Kf6 {[%emt 0:00:24]} 35. c4 {[%emt 0:00:10]} bxc4+ {[%emt 0:01:30]} 36. bxc4 g5 {[%emt 0:01:05]} 37. hxg5+ {[%emt 0:01:19]} hxg5 {[%emt 0:00:13]} 38. Rxg5 {[%emt 0:00:22]} Rxg5 {[%emt 0:00:14]} 39. fxg5+ {[%emt 0:00:05]} Kxg5 {[%emt 0:00:06]} 40. Ke3 {[%emt 0:00:00]} Kg6 {[%emt 0:04:06]} 41. c5 {[%emt 0:00:33]} Kf6 {[%emt 0:00:19]} 42. Kf4 {[%emt 0:00:39]} Ke7 {[%emt 0:00:10]} 43. Ke5 {[%emt 0:00:40]} Kd7 {[%emt 0:01:39]} 44. a3 {[%emt 0:01:47]} Ke7 {[%emt 0:05:14]} 45. a4 {[%emt 0:00:55]} Kd7 {[%emt 0:01:58]} 46. a5 {[%emt 0:02:17]} a6 {[%emt 0:00:41]} 47. Kf4 {[%emt 0:02:39]} Kc6 {[%emt 0:00:14]} 48. Ke5 {[%emt 0:00:07]} Kd7 {[%emt 0:00:08]} 49. Kf4 {[%emt 0:07:29]} Kc6 {[%emt 0:00:06]} 50. Ke3 {[%emt 0:01:36]} Kd5 {[%emt 0:00:47]} 51. Kf4 {[%emt 0:02:07]} Kc6 {[%emt 0:00:05]} 52. Ke5 {[%emt 0:00:21]} Kd7 53. c6+ Kxc6 54. Kxe6 f4 55. d5+ Kc7 56. Ke7 f3 57. d6+ Kb7 58. d7 f2 1/2-1/2

[Event "EYCC 2017"]
[Site "Mamaia"]
[Date "2017.09.06"]
[Round "2"]
[White "Cramling Bellon, Anna"]
[Black "Sliwicka, Alicja"]
[Result "1/2-1/2"]
[WhiteElo "1926"]
[BlackElo "2230"]
[Annotator "NA"]
[PlyCount "73"]
[EventDate "2017.??.??"]
[EventType "swiss"]
[EventCountry "ROU"]
[SourceTitle "playchess.com"]
[Source "ChessBase"]
[SourceQuality "1"]
[TimeControl "40/5400+30:1800+30"]

1. d4 {[%emt 0:00:00]} Nf6 {[%emt 0:00:06]} 2. c4 {[%emt 0:00:00]} g6 {[%emt 0:00:05]} 3. Nc3 {[%emt 0:01:13]} d5 {[%emt 0:00:09]} 4. cxd5 {[%emt 0:00:10]} Nxd5 {[%emt 0:00:05]} 5. e4 {[%emt 0:00:03]} Nxc3 {[%emt 0:00:09]} 6. bxc3 {[%emt 0:00:04]} Bg7 {[%emt 0:00:07]} 7. Bg5 {[%emt 0:00:15]} c5 {[%emt 0:00:10]} 8. Rc1 {[%emt 0:00:06]} Qa5 {[%emt 0:00:10]} 9. Qd2 {[%emt 0:00:28]} Nc6 {[%emt 0:00:08]} 10. d5 $11 {[%emt 0:01:32] LiveBook: 4 Games} h6 {[%emt 0:00:10]} 11. Bf4 {[%emt 0:07:07]} Ne5 {[%emt 0:07:26]} 12. c4 {[%emt 0:15:49]} Qxd2+ {[%emt 0:00:46]} 13. Bxd2 {[%emt 0:00:55]} g5 {[%emt 0:03:24]} 14. h4 {[%emt 0:13:13]} f5 {[%emt 0:11:16]} 15. hxg5 {[%emt 0:12:14]} hxg5 {[%emt 0:00:20]} 16. Rxh8+ {[%emt 0:00:09]} Bxh8 {[%emt 0:00:07]} 17. Nf3 {[%emt 0:09:59]} Nxf3+ {[%emt 0:06:26]} 18. gxf3 {[%emt 0:00:02]} f4 {[%emt 0:01:05]} 19. Bg2 {[%emt 0:02:54]} b6 {[%emt 0:04:58]} 20. Ke2 {[%emt 0:00:41]} Ba6 {[%emt 0:01:44]} 21. a4 {[%emt 0:03:22]} Bd4 {[%emt 0:02:19]} 22. Bh3 {[%emt 0:06:23]} Kf7 {[%emt 0:10:26]} 23. Kf1 {[%emt 0:00:09]} Rh8 {[%emt 0:01:19]} 24. Be6+ {[%emt 0:00:11]} Kf6 {[%emt 0:01:16]} 25. Kg2 {[%emt 0:00:06]} Ke5 {[%emt 0:03:49]} 26. Bg4 {[%emt 0:04:42]} Kd6 {[%emt 0:08:39]} 27. Rc2 {[%emt 0:03:56]} Kc7 {[%emt 0:03:05]} 28. Rc1 {[%emt 0:01:43]} Rh6 {[%emt 0:01:36]} 29. Be1 {[%emt 0:03:01]} Bb7 {[%emt 0:02:34]} 30. Rb1 {[%emt 0:02:05]} Kb8 {[%emt 0:05:33]} 31. Bd7 {[%emt 0:03:20]} Kc7 {[%emt 0:05:12]} 32. Bg4 {[%emt 0:00:11]} a5 {[%emt 0:03:16]} 33. Rc1 {[%emt 0:02:30]} Ba6 {[%emt 0:04:08]} 34. Rc2 {[%emt 0:00:34]} Kd6 {[%emt 0:01:41]} 35. Bd2 {[%emt 0:02:37]} Ke5 {[%emt 0:00:50]} 36. Be1 {[%emt 0:01:10]} Rh4 {[%emt 0:01:28]} 37. Bf5 {[%emt 0:01:15]} 1/2-1/2

[Event "EYCC 2017"]
[Site "Mamaia"]
[Date "2017.09.06"]
[Round "2"]
[White "Jorge, Rita Maria Osorio"]
[Black "Limanovska, Elizabete"]
[Result "1-0"]
[WhiteElo "1923"]
[BlackElo "2071"]
[Annotator "NA"]
[PlyCount "61"]
[EventDate "2017.??.??"]
[EventType "swiss"]
[EventCountry "ROU"]
[SourceTitle "playchess.com"]
[Source "ChessBase"]
[SourceQuality "1"]
[TimeControl "40/5400+30:1800+30"]

1. e4 {[%emt 0:00:00]} c5 {[%emt 0:00:05]} 2. Nf3 {[%emt 0:00:00]} d6 {[%emt 0:00:03]} 3. Bb5+ {[%emt 0:00:00]} Bd7 {[%emt 0:00:06]} 4. Bxd7+ {[%emt 0:00:00]} Qxd7 {[%emt 0:00:07]} 5. O-O {[%emt 0:00:00]} Nc6 {[%emt 0:00:05]} 6. c3 {[%emt 0:00:00]} Nf6 {[%emt 0:00:05]} 7. Re1 {[%emt 0:00:07]} e6 {[%emt 0:00:04]} 8. d4 {[%emt 0:00:09]} cxd4 {[%emt 0:00:06]} 9. cxd4 {[%emt 0:00:05]} d5 {[%emt 0:00:05]} 10. e5 {[%emt 0:00:07]} Ne4 {[%emt 0:00:04]} 11. Nbd2 {[%emt 0:00:09]} Nxd2 {[%emt 0:00:09]} 12. Bxd2 {[%emt 0:00:06]} Be7 {[%emt 0:00:13]} 13. Rc1 {[%emt 0:00:40]} O-O {[%emt 0:04:10]} 14. Rc3 {[%emt 0:00:23]} Rfc8 {[%emt 0:00:24]} 15. a3 {[%emt 0:00:20]} a5 {[%emt 0:02:18]} 16. Rd3 {[%emt 0:03:42]} a4 {[%emt 0:10:38]} 17. Ng5 {[%emt 0:09:30]} h6 {[%emt 0:27:23]} 18. Nh3 {[%emt 0:16:48]} Bf8 {[%emt 0:06:23]} 19. Qg4 {[%emt 0:07:26]} g6 {[%emt 0:13:45]} 20. Qh4 {[%emt 0:32:51]} Qe7 {[%emt 0:17:44]} 21. Bg5 {[%emt 0:05:11]} hxg5 {[%emt 0:02:05]} 22. Nxg5 {[%emt 0:00:10]} Bg7 {[%emt 0:01:08]} 23. Rf3 {[%emt 0:02:09]} f5 {[%emt 0:07:00]} 24. exf6 {[%emt 0:13:40]} Bxf6 {[%emt 0:00:05]} 25. Rxf6 {[%emt 0:00:35]} Qxf6 {[%emt 0:00:29]} 26. Qh7+ {[%emt 0:00:25]} Kf8 {[%emt 0:00:03]} 27. Nxe6+ {[%emt 0:00:46]} Ke8 {[%emt 0:00:23]} 28. Nc5+ {[%emt 0:01:14]} Ne7 {[%emt 0:01:26]} 29. Qg8+ {[%emt 0:00:32]} Qf8 {[%emt 0:00:10]} 30. Rxe7+ {[%emt 0:00:19]} Kxe7 {[%emt 0:00:10]} 31. Qe6+ {[%emt 0:00:07]} 1-0

[Event "EYCC 2017"]
[Site "Mamaia"]
[Date "2017.09.06"]
[Round "2"]
[White "Kucharska, Honorata"]
[Black "Muetsch, Annmarie"]
[Result "0-1"]
[WhiteElo "1917"]
[BlackElo "2137"]
[Annotator "NA"]
[PlyCount "110"]
[EventDate "2017.??.??"]
[EventType "swiss"]
[EventCountry "ROU"]
[SourceTitle "playchess.com"]
[Source "ChessBase"]
[SourceQuality "1"]
[TimeControl "40/5400+30:1800+30"]

1. e4 {[%emt 0:00:00]} c5 {[%emt 0:00:05]} 2. Nc3 {[%emt 0:00:00]} Nc6 {[%emt 0:00:05]} 3. Bb5 {[%emt 0:00:04]} Nd4 {[%emt 0:00:14]} 4. Bc4 {[%emt 0:00:14]} e6 {[%emt 0:00:22]} 5. Nf3 {[%emt 0:00:15]} Nf6 {[%emt 0:00:28]} 6. O-O {[%emt 0:00:21]} a6 {[%emt 0:00:41]} 7. d3 {[%emt 0:00:51]} b5 {[%emt 0:21:08]} 8. Bb3 {[%emt 0:02:52]} d6 {[%emt 0:04:12]} 9. Nxd4 {[%emt 0:05:44]} cxd4 {[%emt 0:00:06]} 10. Ne2 {[%emt 0:00:26]} e5 {[%emt 0:00:28]} 11. h3 {[%emt 0:04:20]} Be7 {[%emt 0:07:04]} 12. Ng3 {[%emt 0:05:27]} O-O {[%emt 0:04:12]} 13. f4 {[%emt 0:07:21]} Be6 {[%emt 0:16:36]} 14. fxe5 {[%emt 0:11:16]} dxe5 {[%emt 0:00:08]} 15. Nf5 {[%emt 0:00:08]} Bxf5 {[%emt 0:07:32]} 16. Rxf5 {[%emt 0:01:03]} Qd6 {[%emt 0:04:25]} 17. Bg5 {[%emt 0:09:37]} Nd7 {[%emt 0:05:37]} 18. Bxe7 {[%emt 0:05:55]} Qxe7 {[%emt 0:00:05]} 19. Qd2 {[%emt 0:01:37]} g6 {[%emt 0:06:55]} 20. Rf3 {[%emt 0:02:10]} Kg7 {[%emt 0:01:46]} 21. Raf1 {[%emt 0:08:14]} f6 {[%emt 0:00:25]} 22. Rg3 {[%emt 0:03:07]} Nb6 {[%emt 0:04:05]} 23. Rgf3 {[%emt 0:06:45]} Nc8 {[%emt 0:02:58]} 24. R3f2 {[%emt 0:03:13]} Nd6 {[%emt 0:00:45]} 25. g4 {[%emt 0:00:42]} Kh8 {[%emt 0:02:58]} 26. Bd5 {[%emt 0:03:31]} Ra7 {[%emt 0:00:42]} 27. Kh2 {[%emt 0:01:23]} Qd8 {[%emt 0:04:16]} 28. Qe1 {[%emt 0:03:20]} g5 {[%emt 0:01:57]} 29. Kg2 {[%emt 0:01:14]} Kg7 {[%emt 0:01:19]} 30. Re2 {[%emt 0:00:48]} Qd7 {[%emt 0:02:02]} 31. Qg3 {[%emt 0:02:18]} Nc8 {[%emt 0:01:26]} 32. h4 {[%emt 0:01:50]} h6 {[%emt 0:00:50]} 33. Kg1 {[%emt 0:00:35]} Ne7 {[%emt 0:00:28]} 34. hxg5 {[%emt 0:02:11]} hxg5 {[%emt 0:00:04]} 35. Bb3 {[%emt 0:00:41]} Ng6 {[%emt 0:00:22]} 36. Rh2 {[%emt 0:00:27]} Raa8 {[%emt 0:00:46]} 37. Kf2 {[%emt 0:01:09]} Rh8 {[%emt 0:00:33]} 38. Rfh1 {[%emt 0:00:17]} Rh4 {[%emt 0:00:34]} 39. Rxh4 {[%emt 0:00:39]} gxh4 {[%emt 0:00:44]} 40. Qf3 {[%emt 0:00:00]} Rh8 {[%emt 0:00:33]} 41. Ke1 {[%emt 0:07:13]} Nf4 {[%emt 0:05:04]} 42. Kf2 {[%emt 0:03:01]} h3 {[%emt 0:02:02]} 43. Qg3 {[%emt 0:00:23]} Rh6 {[%emt 0:03:21]} 44. Kf3 {[%emt 0:04:33]} a5 {[%emt 0:05:52]} 45. a3 {[%emt 0:05:44]} Qc6 {[%emt 0:01:03]} 46. Rh2 {[%emt 0:02:05]} Rg6 {[%emt 0:01:29]} 47. Bd5 {[%emt 0:02:52]} Qc5 {[%emt 0:03:08]} 48. Bb3 {[%emt 0:01:36]} a4 {[%emt 0:01:48]} 49. Ba2 {[%emt 0:00:09]} f5 {[%emt 0:05:00]} 50. exf5 {[%emt 0:05:43]} Qc6+ {[%emt 0:00:14]} 51. Bd5 {[%emt 0:00:26]} Qxd5+ {[%emt 0:01:45]} 52. Kf2 {[%emt 0:00:05]} Rg5 {[%emt 0:01:45]} 53. Qh4 {[%emt 0:00:38]} Qd8 {[%emt 0:00:08]} 54. Rh1 {[%emt 0:00:54]} Qf6 {[%emt 0:00:37]} 55. Rh2 {[%emt 0:01:56]} Rxf5 {[%emt 0:00:30]} 0-1

[Event "EYCC 2017"]
[Site "Mamaia"]
[Date "2017.09.06"]
[Round "2"]
[White "Celik, Eda"]
[Black "Redondo Benavente, Ana"]
[Result "0-1"]
[WhiteElo "1916"]
[BlackElo "2087"]
[Annotator "NA"]
[PlyCount "98"]
[EventDate "2017.??.??"]
[EventType "swiss"]
[EventCountry "ROU"]
[SourceTitle "playchess.com"]
[Source "ChessBase"]
[SourceQuality "1"]
[TimeControl "40/5400+30:1800+30"]

1. e4 {[%emt 0:00:00]} e6 {[%emt 0:00:05]} 2. d4 {[%emt 0:00:00]} d5 {[%emt 0:00:07]} 3. Nd2 {[%emt 0:00:00]} Be7 {[%emt 0:00:14]} 4. Ngf3 {[%emt 0:00:20]} Nf6 {[%emt 0:00:19]} 5. Bd3 {[%emt 0:02:56]} c5 $11 {[%emt 0:00:40]} 6. exd5 {[%emt 0:01:09]} Qxd5 {[%emt 0:01:57]} 7. Bc4 {[%emt 0:05:20]} Qd8 {[%emt 0:03:54]} 8. dxc5 {[%emt 0:02:24]} Bxc5 {[%emt 0:03:52]} 9. O-O {[%emt 0:00:31]} Qc7 {[%emt 0:01:40]} 10. Qe2 {[%emt 0:01:12]} O-O {[%emt 0:00:20]} 11. Nb3 {[%emt 0:02:52]} Bd6 {[%emt 0:04:11]} 12. Nbd4 {[%emt 0:05:34]} a6 {[%emt 0:03:13]} 13. Bg5 {[%emt 0:06:11]} Ng4 {[%emt 0:14:01]} 14. h3 {[%emt 0:21:35]} Ne5 {[%emt 0:00:35]} 15. Nxe5 {[%emt 0:00:20]} Bxe5 {[%emt 0:00:15]} 16. Rad1 {[%emt 0:02:00]} h6 {[%emt 0:04:27]} 17. Be3 {[%emt 0:04:05]} Bf6 {[%emt 0:04:20]} 18. Bd3 {[%emt 0:06:19]} Nc6 {[%emt 0:13:19]} 19. Qg4 {[%emt 0:14:37]} Nxd4 {[%emt 0:13:31]} 20. Bxd4 {[%emt 0:00:11]} Bxd4 {[%emt 0:00:51]} 21. Qxd4 {[%emt 0:00:05]} e5 {[%emt 0:00:22]} 22. Qe4 {[%emt 0:04:08]} g6 {[%emt 0:02:31]} 23. Rfe1 {[%emt 0:01:24]} Re8 {[%emt 0:00:29]} 24. Qe3 {[%emt 0:07:46]} Kh7 {[%emt 0:03:22]} 25. Qg3 {[%emt 0:04:56]} f5 {[%emt 0:04:31]} 26. h4 {[%emt 0:00:22]} Qg7 {[%emt 0:01:00]} 27. c3 {[%emt 0:00:47]} f4 {[%emt 0:02:37]} 28. Qf3 {[%emt 0:00:51]} Bf5 {[%emt 0:01:05]} 29. h5 {[%emt 0:02:43]} Re7 {[%emt 0:02:55]} 30. hxg6+ {[%emt 0:01:03]} Qxg6 {[%emt 0:00:45]} 31. Bxf5 {[%emt 0:00:13]} Qxf5 {[%emt 0:00:02]} 32. Qe4 {[%emt 0:00:34]} Qxe4 {[%emt 0:03:39]} 33. Rxe4 {[%emt 0:00:01]} Rg8 {[%emt 0:00:14]} 34. f3 {[%emt 0:01:01]} Rg3 {[%emt 0:01:37]} 35. Rd2 {[%emt 0:02:13]} Kg6 {[%emt 0:02:37]} 36. a4 {[%emt 0:01:13]} Kf5 {[%emt 0:00:50]} 37. a5 {[%emt 0:00:49]} h5 {[%emt 0:00:04]} 38. Kh2 {[%emt 0:00:30]} h4 {[%emt 0:00:09]} 39. Rde2 {[%emt 0:00:33]} h3 {[%emt 0:01:15]} 40. gxh3 {[%emt 0:00:00]} Rxf3 {[%emt 0:00:10]} 41. Kg2 {[%emt 0:11:34]} Rg3+ {[%emt 0:02:23]} 42. Kh2 {[%emt 0:00:34]} Rd3 {[%emt 0:00:38]} 43. Re1 {[%emt 0:09:29]} Rd2+ {[%emt 0:02:42]} 44. R4e2 {[%emt 0:00:24]} Rxe2+ {[%emt 0:01:56]} 45. Rxe2 {[%emt 0:00:07]} e4 {[%emt 0:00:46]} 46. Kg1 {[%emt 0:01:31]} e3 {[%emt 0:01:46]} 47. Kg2 {[%emt 0:01:32]} Ke4 {[%emt 0:00:23]} 48. Re1 {[%emt 0:00:15]} f3+ {[%emt 0:01:07]} 49. Kf1 {[%emt 0:00:13]} f2 {[%emt 0:02:01]} 0-1

[Event "EYCC 2017"]
[Site "Mamaia"]
[Date "2017.09.06"]
[Round "2"]
[White "Papadiamandis, Elliot"]
[Black "Suleymanli, Aydin"]
[Result "0-1"]
[WhiteElo "1897"]
[BlackElo "2351"]
[Annotator "NA"]
[PlyCount "59"]
[EventDate "2017.??.??"]
[EventType "swiss"]
[EventCountry "ROU"]
[SourceTitle "playchess.com"]
[Source "ChessBase"]
[SourceQuality "1"]
[TimeControl "40/5400+30:1800+30"]

1. e4 {[%emt 0:00:00]} e6 {[%emt 0:00:05]} 2. d4 {[%emt 0:00:00]} d5 {[%emt 0:00:04]} 3. Nd2 {[%emt 0:00:00]} Nf6 {[%emt 0:00:11]} 4. e5 {[%emt 0:00:00]} Nfd7 {[%emt 0:00:03]} 5. Bd3 {[%emt 0:00:03]} c5 {[%emt 0:00:03]} 6. c3 {[%emt 0:00:16]} Nc6 {[%emt 0:00:07]} 7. Ne2 {[%emt 0:00:09]} cxd4 {[%emt 0:00:04]} 8. cxd4 {[%emt 0:00:08]} f6 {[%emt 0:00:06]} 9. exf6 {[%emt 0:00:23]} Nxf6 {[%emt 0:00:05]} 10. Nf3 {[%emt 0:00:06]} Qc7 {[%emt 0:00:05]} 11. O-O {[%emt 0:00:07]} Bd6 {[%emt 0:00:05]} 12. h3 {[%emt 0:00:29]} O-O {[%emt 0:00:15]} 13. Nc3 {[%emt 0:00:22]} a6 {[%emt 0:00:09]} 14. Bd2 {[%emt 0:00:16]} Bd7 {[%emt 0:01:13]} 15. Re1 {[%emt 0:00:22]} Rae8 {[%emt 0:03:06]} 16. Rc1 {[%emt 0:00:32]} Qb8 {[%emt 0:07:02]} 17. a3 {[%emt 0:03:11]} e5 {[%emt 0:12:22]} 18. Nxd5 {[%emt 0:05:51]} Nxd5 {[%emt 0:05:03]} 19. Bc4 {[%emt 0:00:23]} Nxd4 {[%emt 0:17:34]} 20. Bxd5+ {[%emt 0:05:50]} Be6 {[%emt 0:02:39]} 21. Bc3 {[%emt 0:10:49]} Bxd5 {[%emt 0:03:05]} 22. Nxd4 {[%emt 0:00:01]} Bc5 {[%emt 0:06:50]} 23. b4 {[%emt 0:20:32]} Bxd4 {[%emt 0:03:30]} 24. Bxd4 {[%emt 0:00:16]} exd4 {[%emt 0:00:03]} 25. Qxd4 {[%emt 0:00:08]} Bc6 {[%emt 0:00:10]} 26. Qc4+ {[%emt 0:01:10]} Kh8 {[%emt 0:00:03]} 27. Qc5 {[%emt 0:00:16]} Qf4 {[%emt 0:00:36]} 28. Rxe8 {[%emt 0:00:37]} Rxe8 {[%emt 0:00:08]} 29. Rd1 {[%emt 0:00:14]} h6 {[%emt 0:00:21]} 30. Ra1 {[%emt 0:00:40]} 0-1

[Event "EYCC 2017"]
[Site "Mamaia"]
[Date "2017.09.06"]
[Round "2"]
[White "Pham, Khoi"]
[Black "Can, Isik"]
[Result "1-0"]
[WhiteElo "1895"]
[BlackElo "2239"]
[Annotator "NA"]
[PlyCount "103"]
[EventDate "2017.??.??"]
[EventType "swiss"]
[EventCountry "ROU"]
[SourceTitle "playchess.com"]
[Source "ChessBase"]
[SourceQuality "1"]
[TimeControl "40/5400+30:1800+30"]

1. e4 {[%emt 0:00:00]} e5 {[%emt 0:00:05]} 2. Nf3 {[%emt 0:00:00]} Nc6 {[%emt 0:00:06]} 3. Bb5 {[%emt 0:00:00]} a6 {[%emt 0:00:06]} 4. Ba4 {[%emt 0:00:00]} Nf6 {[%emt 0:00:06]} 5. O-O {[%emt 0:00:06]} Be7 {[%emt 0:00:07]} 6. Re1 {[%emt 0:00:08]} b5 {[%emt 0:00:04]} 7. Bb3 {[%emt 0:00:11]} d6 {[%emt 0:00:06]} 8. c3 {[%emt 0:00:13]} O-O {[%emt 0:00:08]} 9. d3 {[%emt 0:00:23]} Na5 {[%emt 0:00:33]} 10. Bc2 {[%emt 0:00:20]} c5 {[%emt 0:00:21]} 11. Nbd2 {[%emt 0:00:46]} Re8 {[%emt 0:03:59]} 12. Nf1 {[%emt 0:01:50]} Bf8 {[%emt 0:01:13]} 13. Ng3 {[%emt 0:05:00]} g6 {[%emt 0:01:13]} 14. d4 {[%emt 0:06:26]} Qc7 {[%emt 0:03:21]} 15. d5 {[%emt 0:01:45]} c4 {[%emt 0:04:19]} 16. Bg5 {[%emt 0:04:43]} Bg7 {[%emt 0:00:08]} 17. b4 {[%emt 0:00:44]} cxb3 {[%emt 0:01:58]} 18. axb3 {[%emt 0:00:13]} Bd7 {[%emt 0:01:16]} 19. Ra2 {[%emt 0:17:55]} Nb7 {[%emt 0:03:01]} 20. Qa1 {[%emt 0:09:26]} a5 {[%emt 0:14:37]} 21. b4 {[%emt 0:06:47]} h6 {[%emt 0:23:14]} 22. Bd2 {[%emt 0:04:28]} Rec8 {[%emt 0:06:33]} 23. Bd3 {[%emt 0:04:07]} Qd8 {[%emt 0:01:21]} 24. Qd1 {[%emt 0:09:35]} Qe8 {[%emt 0:09:20]} 25. Qe2 {[%emt 0:03:36]} Kh7 {[%emt 0:01:30]} 26. Rc1 {[%emt 0:05:42]} Ng8 {[%emt 0:12:33]} 27. h4 {[%emt 0:06:45]} Ne7 {[%emt 0:01:29]} 28. h5 {[%emt 0:01:14]} Kh8 {[%emt 0:04:11]} 29. hxg6 {[%emt 0:02:06]} fxg6 {[%emt 0:00:12]} 30. Be3 {[%emt 0:01:26]} g5 {[%emt 0:01:54]} 31. Bb6 {[%emt 0:02:24]} a4 {[%emt 0:02:34]} 32. c4 {[%emt 0:01:27]} bxc4 {[%emt 0:00:57]} 33. Rxc4 {[%emt 0:00:31]} Ng6 {[%emt 0:01:21]} 34. Qc2 {[%emt 0:04:13]} Nf4 {[%emt 0:01:44]} 35. Bf1 {[%emt 0:00:37]} Bb5 {[%emt 0:00:47]} 36. Rc7 {[%emt 0:00:57]} Bxf1 {[%emt 0:00:33]} 37. Nxf1 {[%emt 0:00:21]} Rcb8 {[%emt 0:01:01]} 38. Ne3 {[%emt 0:01:06]} Bf6 {[%emt 0:00:40]} 39. Qc6 {[%emt 0:00:39]} Qxc6 {[%emt 0:00:39]} 40. dxc6 {[%emt 0:00:00]} Nd8 {[%emt 0:00:18]} 41. Ba5 {[%emt 0:01:29]} Rb5 {[%emt 0:25:40]} 42. Nf5 {[%emt 0:14:36]} d5 {[%emt 0:01:34]} 43. Nd6 {[%emt 0:01:08]} Rbb8 {[%emt 0:01:31]} 44. Ne8 {[%emt 0:02:35]} Nde6 {[%emt 0:01:59]} 45. Nxf6 {[%emt 0:01:01]} Nxc7 {[%emt 0:00:00]} 46. Bxc7 {[%emt 0:00:00]} Rxb4 {[%emt 0:00:31]} 47. Bxe5 {[%emt 0:00:04]} Rb1+ {[%emt 0:00:36]} 48. Kh2 {[%emt 0:00:07]} dxe4 {[%emt 0:01:00]} 49. Rd2 {[%emt 0:02:18]} Kg7 {[%emt 0:00:53]} 50. Nxe4+ {[%emt 0:00:42]} Kg6 {[%emt 0:00:54]} 51. Rd6+ {[%emt 0:00:51]} Kh7 {[%emt 0:00:26]} 52. c7 {[%emt 0:00:53]} 1-0